| 000 | 00000nas 2200000zi 4500 |
| 001 | 9.504308 |
| 003 | CaOODSP |
| 005 | 20221107133403 |
| 006 | m go d f |
| 007 | cr ||||||||||| |
| 008 | 150406d20102015qucar p o f0 b0fre|d |
| 040 | |aCaOODSP|bfre|erda|cCaOODSP |
| 043 | |an-cn--- |
| 086 | 1 |aBC9-20/2F-PDF |
| 245 | 00|aRadio commerciale : |brelevés statistiques et financiers (statistiques nationales, Société radio-Canada, marchés de la radio). |
| 264 | 1|a[Gatineau (Québec)] : |bConseil de la radiodiffusion et des télécommunications canadiennes = Canadian Radio-television and Telecommunications Commission, |c[2011-2016] |
| 310 | |aAnnuel |
| 336 | |atexte|btxt|2rdacontent/fre |
| 337 | |ainformatique|bc|2rdamedia/fre |
| 338 | |aressource en ligne|bcr|2rdacarrier/fre |
| 362 | 1 |aParaît depuis 2006/2010 ; ne paraît plus après 2011/2015. |
| 500 | |aPublié aussi en anglais sous le titre : Commercial radio, statistical and financial summaries (national statistics, Canadian Broadcasting Corporation, radio markets). |
| 550 | |aLes livraisons de 2006/2010-2007/2011 publié par Industrie et analyse du marché, Groupe d'élaboration de politiques et recherche; 2008/2012-2011/2015 par Consommation et politique stratégique. |
| 692 | 07|2gccst|aRadio |
| 710 | 1 |aCanada.|bConseil de la radiodiffusion et des télécommunications canadiennes.|bÉlaboration de politiques et recherche. |
| 710 | 1 |aCanada.|bConseil de la radiodiffusion et des télécommunications canadiennes.|bConsommation et politique stratégique. |
| 775 | 08|tCommercial radio : |w(CaOODSP)9.507930 |
| 780 | 00|tAnalyse des marchés de la radio : |w(CaOODSP)9.877499 |
| 785 | 00|tRadio : |w(CaOODSP)9.877491 |